| 000 | 00505nam a22001457a 4500 | ||
|---|---|---|---|
| 008 | 150302b xxu||||| |||| 00| 0 eng d | ||
| 050 | _aBX1408F65 1930 | ||
| 100 |
_aFoisy, Albert J. _915678 |
||
| 245 |
_aThe sentinellist agitation in new England 1925- 1928 _cJ. Albert Foisy, A.B. |
||
| 260 |
_aProvidence _bProvidence visitor press _c1930 |
||
| 300 |
_avi, 234p. ; _c16cm. |
||
| 650 |
_aCatholic church _zNew England _915679 |
||
| 650 |
_aNew England _xchurch history _915680 |
||
| 942 |
_2lcc _cMONOGRAPH |
||
| 999 |
_c122241 _d122241 |
||